Jours importants de l'année en France - Statistiques

Statistiques générales
  • Ce quiz a été pris 80 fois
    30 depuis la dernière actualisation
  • Le résultat moyen est 13 sur 22
Statistiques - réponses
Date A quoi correspond cette date? % Correct
Autour du 21 juin Solstice d'été
100%
25 Décembre Noel
89%
1er mai Fête du travail
86%
1er janvier Nouvel An
86%
14 juillet Fête Nationale
82%
14 février Saint-Valentin
82%
31 octobre Halloween
75%
Entre le 22 mars et le 25 avril Pâques
71%
Autour du 21 décembre Solstice d'hiver
64%
6 janvier Epiphanie
61%
31 Décembre Saint-Sylvestre
61%
1er novembre Toussaint
61%
Entre le 30 avril et le 3 juin Ascension
57%
15 août Assomption
57%
21 juin Fête de la Musique
54%
2 février Chandeleur
43%
3ème dimanche de juin Fête des Pères
39%
Entre le 3 février et le 9 mars Mardi Gras
39%
Dernier dimanche de maiou premier dimanche de juin Fête des Mères
36%
Entre le 10 mai et le 13 juin Pentecôte
36%
Entre le 21 et le 24 septembre Equinoxe d'automne
32%
Entre le 19 et le 21 mars Equinoxe de printemps
32%
Aucun quiz correspondant
Distribution des résultats
% des personnes avec chaque résultat
Percentile par nombre de réponses
Votre historique - résultats
Vous n’avez pas pris ce quiz depuis la dernière actualisation